Регионална библиотека "Любен Каравелов" - Русе

Max Liebermann (Запис номер 210621)

MARC детайли
000 -Лидер
Контролно поле с фиксирана дължина 01446nkm a2200385 c 4500
003 - Код на организацията, давaща контролен номер
Контролно поле BLK
005 - Дата и час на последна редакция
Контролно поле 20200428143831.0
008 - Елементи от данни с фиксирана дължина
fixed length control field 180412b bul rap|r|||| r0| ||bulo|
010 ## - Наследен системен номер
LC control number KNG00167830000
040 ## - Източник на каталожния запис
Идентификатор на билиотеката - собственик на записа BLK
041 ## - Код за език
Код за езика на текст/звукозапис или на отделно заглавие Немски
Код за езика КДБФ Немски
080 ## - УДК
Текстов определител УДК Живопис - художници
УДК код - определител по УДК 75.071.1
УДК определител (430)(092)
УДК - код + определител 75.071.1(430)(092)
080 ## - УДК
Текстов определител УДК Немски живописец, график, импресионист(1847-1935)
УДК код - определител по УДК 929 Либерман, Макс
УДК - код + определител 929 Либерман, Макс
100 1# - Редна дума - Автор
Автор Meissner, Gunter
Авторска отговорност първи автор
R(LIN) 320190
139 ## - Редно поле
Редна дума Meissner, Gunter
Авторски знак Lie - L 69
Feature heading Л 54 М
245 10 - Сведения за заглавието
Заглавие Max Liebermann
Редно поле (дума) Gunter Meissner; Макс Либерман.
257 ## - Страна на издаване
Страна на създаване/издаване Германия
260 ## - Област на издателските данни
Име на издателя, разпространителя и проч. E. A. Seemann
Година на издаване 1974
300 ## - Физическа характеристика
Страници 140 p.
Илюстрации и др. ill.
Размери/Мащаб 33 cm
380 ## - Жанр
Жанр Изкуство
500 ## - Общи забележки
Забележка Списък на ил. - Библиогр. с. 137-139.
600 14 - Име на лице, използвано като предмет
За него / За нея Либерман, Макс
9 (RLIN) 351393
650 #4 - Допълнително описание по предмет – тема
Основно описание – тема или топоним Художници, немски - албуми
9 (RLIN) 286327
651 #4 - Допълнително описание по предмет - топоним
Географско понятие Германия
9 (RLIN) 178754
653 ## - Ключова дума – ненормативна
Ключова дума немски художници
653 ## - Ключова дума – ненормативна
Ключова дума импресионизъм
653 ## - Ключова дума – ненормативна
Ключова дума живопис
653 ## - Ключова дума – ненормативна
Ключова дума рисунки
700 1# - Други автори (авторска отговорност)
Лично име Либерман, Макс
9 (RLIN) 351393
852 ## - Местоположение
Форматна сигнатура Цб Гр А ІІ 2216
856 4# - Електронен адрес и достъп
Електронен формат pdf - файл
Път до файла /url/
856 4# - Електронен адрес и достъп
Електронен формат pdf - файл
Път до файла /url/
999 ## - СИСТЕМНИ КОНТРОЛНИ НОМЕРА
Koha biblionumber 210621
Koha biblioitemnumber 210621
942 ## - АРТИКУЛИ
Вид на библиотечния материал Графични издания
Скрит в OPAC Не
Периодичен библиозапис Да
944 ## - СЪЗДАВАНЕ И РЕДАКЦИЯ на ЗАПИСА
Създаване/Редакция Създаване
Дата на регистрацията/редакция 27.11.2014
Статус, дата на статуса 27.11.2014 - от С1,Р / 27.11.2014
Служител, извършил регистрацията/редакцията Камелия_Данева
944 ## - СЪЗДАВАНЕ И РЕДАКЦИЯ на ЗАПИСА
Създаване/Редакция Редакция
Дата на регистрацията/редакция 27.11.2014
Статус, дата на статуса 27.11.2014 - от С1,Р / 27.11.2014
999 ## - СИСТЕМНИ КОНТРОЛНИ НОМЕРА
Koha biblioitemnumber 210621
Наличности
Код за отписване Код за изгубен артикул Източник на класификационната схема Код за повреда Коз за рестрикции Код за отдаване Артикулен № Име на библиотеката - собственик Име на библиотеката, в която се намира в момента Статус (Текущо местоположение) Дата на вписване в системата Местоположение - отдел Цена в лева Инвентарен номер Систематично азбучна сигнатура Баркод Номер на екземпляра Цена в евро Служебна бележка Служебен тип на артикула
  Не е изгубен Universal Decimal Classification Не е повреден без рестрикции заемане за дома 362278 Регионална библиотека "Любен Каравелов" Русе Регионална библиотека "Любен Каравелов" Русе Отдел Изкуство - подръчен фонд 1974-01-01 Отдел Изкуство - подръчен фонд 13.04 205699 75(092)/Л 54 М 120000205699 1 6.67 Дост: Pk Вид: Ф N: стар фонд Дата: 01.01.1974 Дата инв: 04.06.2015 Бележки инв: ГрИ2015 Графични издания
Vip Innovations Ltd, Rousse, Bulgaria 2025